书目信息 |
| 题名: |
我是如何战胜胃病的
|
|
| 作者: | 张学军 主编 | |
| 分册: | ||
| 出版信息: | 北京 人民卫生出版社 2003.09 |
|
| 页数: | 167页 | |
| 开本: | 21cm | |
| 丛书名: | ||
| 单 册: | ||
| 中图分类: | R573.09 | |
| 科图分类: | R573.09 | |
| 主题词: | 胃疾病-康复 , 腹腔疾病 | |
| 电子资源: | ||
| ISBN: | 7-117-05569-3 | |
| 000 | 00728nam0 2200229 450 | |
| 001 | 0653354468 | |
| 005 | 20061011092928.25 | |
| 010 | @a7-117-05569-3@dCNY 10.00 | |
| 100 | @a20060824d2003 km y0chiy0120 ea | |
| 101 | 0 | @achi |
| 102 | @aCN@b110000 | |
| 200 | 1 | @a我是如何战胜胃病的@Awo shi ru he zhan sheng wei bing de@e胃病病人康复与养生指导@f张学军主编@Fzhang xue jun zhu bian |
| 210 | @a北京@c人民卫生出版社@d2003.09 | |
| 215 | @a167页@d21cm | |
| 517 | 1 | @a胃病病人康复与养生指导@Awei bing bing ren kang fu yu yang sheng zhi dao |
| 606 | 0 | @a胃疾病-康复 |
| 606 | 0 | @a腹腔疾病 |
| 690 | @aR573.09@v4 | |
| 692 | @aR573.09 | |
| 701 | 0 | @a张学军@Azhang xue jun@4主编 |
| 801 | 0 | @aCN@c20061011 |
| 905 | @a10447@dR573.09@eZ212 | |
| 我是如何战胜胃病的:胃病病人康复与养生指导/张学军主编.-北京:人民卫生出版社,2003.09 |
| 167页;21cm |
| ISBN 7-117-05569-3:CNY 10.00 |
| ● |
| 相关链接 |
|
|
|
正题名:我是如何战胜胃病的
索取号:R573.09/Z212
 
预约/预借
| 序号 | 登录号 | 条形码 | 馆藏地/架位号 | 状态 | 备注 |
| 1 | 609570 | 206095704 | 自科库401/401自科库 18排4列3层/ [索取号:R573.09/Z212] | 在馆 | |
| 2 | 609571 | 206095713 | 自科库401/400B社科库 1排1列1层/ [索取号:R573.09/Z212] | 在馆 | |
| 3 | 609572 | 206095722 | 自科库401/401自科库 18排4列3层/ [索取号:R573.09/Z212] | 在馆 |